000 00657nam a2200193Ia 4500
005 20240530110931.0
008 140319s1994 xx 000 0 ara d
040 _aGCL /
_cGCL
082 0 4 _a811.094 /
_bا ا
100 1 _aابراهيم نصر الله
245 1 0 _aالاعمال الشعرية /
_cابراهيم نصر الله
260 _aبيروت :
_bالمؤسسة العربية للدراسات والنشر،
_c1994
300 _a664 ص؛
_b24 سم
650 0 4 _aالشعر العربى
650 0 4 _aالادب العربى
650 0 4 _aابراهيم نصر الله
942 _2ddc
_cBK
999 _c66659
_d66659